El chupete de Gina / (Registro nro. 32704)

Detalles MARC
000 -CABECERA
Longitud fija campo de control 00938nam a2200265 a 4500
003 - • IDENTIFICADOR DELl NÚMERO DE CONTROL
Identificador del número de control CO-ViMGA
005 - • FECHA Y HORA DE LA ÚLTIMA TRANSACCIÓN
Fecha y hora de la última transacción 20230915232040.0
008 - • CÓDIGOS DE INFORMACIÓN DE LONGITUD FIJA
Códigos de información de longitud fija 141112s2004 ck r 000 u spa d
020 ## - • NÚMERO INTERNACIONAL NORMALIZADO PARA LIBROS
Número Internacional Normalizado para Libros (ISBN) 8484701840
040 ## - FUENTE DE LA CATALOGACIÓN
Centro catalogador de origen CO-ViMGA
Lengua de catalogación spa
Centro transcriptor CO-ViMGA
041 ## - • CÓDIGO DE LENGUA
Código de lengua del texto/banda sonora o título independiente spa fre
043 ## - CÓDIGO DE ÁREA GEOGRÁFICA
Código de área geográfica e - fr - - -
100 1# - • PUNTO DE ACCESO PRINCIPAL-NOMBRE DE PERSONA
Nombre de persona Naumann - Villemin, Christine.
245 10 - • TITULO PROPIAMENTE DICHO
Título El chupete de Gina /
Mención de responsabilidad, etc. Christine Naumann - Villemin ; ilustraciones de Marianne Barcilon ; traducción Rafael Ros.
300 ## - • DESCRIPCIÓN FÍSICA
Extensión [22] p. : il. ; 22 x 27 cm.
521 ## - • NOTA DE PÚBLICO DESTINATARIO
Nota público destinatario (R ) A partir de 5 años.
650 14 - • PUNTO DE ACCESO ADICIONAL DE MATERIA - TÉRMINO DE MATERIA
Término de materia o nombre geográfico como elemento inicial Cuentos infantiles franceses.
700 1# - • PUNTO DE ACCESO ADICIONAL - NOMBRE DE PERSONA
Nombre de persona Barcilon, Marianne, il.
942 ## - ENTRADA DE ELEMENTOS AGREGADOS (KOHA)
Fuente de clasificaión o esquema Dewey Decimal Classification
Koha [por defecto] tipo de item LIbro
Existencias
Perdido Fuente de clasificación o esquema Estado Físico No para préstamo Forma de adquisición Localización permanente Localización actual Fecha adquisición Serie de enumeración / cronolog&íacute;a Préstamos totales Signatura completa Código de barras Fecha última consulta Número de copia Fecha del precio de reemplazo Tipo de item de Koha Renovaciones totales Fecha último préstamo
  Dewey Decimal Classification     Sala Infantil Segundo Piso Biblioteca Pública Germán Arciniegas - Villavicencio Biblioteca Pública Germán Arciniegas - Villavicencio 12/04/2015 06/jun/2013   NAUc 25992 12/04/2015 Ej. 1 12/04/2015 LIbro    
  Dewey Decimal Classification Damaged   Sala Infantil Segundo Piso Biblioteca Pública Germán Arciniegas - Villavicencio Biblioteca Pública Germán Arciniegas - Villavicencio 12/04/2015 17/jun/2013 1 NAUc 26018 12/11/2017 Ej. 2 12/04/2015 LIbro 2 11/14/2017









Instituto Departamental de Cultura del Meta - Red Departamental de Bibliotecas Públicas del Meta.